Pohostinné vystúpenie Anny Polákovej

Bibliographic Details
Format: Article
Language:Slovak
Subjects:

MARC

LEADER 00000nab a2200000 a 4500
001 vtls009942975
003 SK-MaSNL
005 20260304164825.0
008 250507 1958 xo | |||| ||00 b slo
015 |a SNBRB2009/08  |2 snkbucl 
035 |a urn:nbn:sk:snk-ab7qj3 
035 |a (urnnbn)urn:nbn:sk:snk:ar-001vom 
035 |a (uuid)e8902316-24d6-4355-8712-67548c55de6f 
038 |a SNKBUCL 
040 |a SNKBUCL  |b slo  |c SNKBUCL  |e AACR2 
041 0 |a slo 
044 |a xo  |c SK 
080 |a 78.071.2:792.54  |2 2001 
080 |a 792.54  |2 2001 
245 0 0 |a Pohostinné vystúpenie Anny Polákovej  |c [autor] G. 
600 1 7 |a Poláková-Hadravová, Anna,  |d 1922-2008  |2 snkbucl  |9 253032 
600 1 7 |a Puccini, Giacomo,  |d 1858-1924  |t Bohéma  |2 snkbucl  |9 29385 
610 2 7 |a Slovenské národné divadlo.  |b Opera  |2 snkbucl  |9 65024 
648 7 |a 1958  |2 snkbucl  |9 280710 
773 0 |t Slovenská hudba  |g Roč. II, č. 3 (1958), s. 129 
850 |a Slovenská národná knižnica 
852 |a Slovenská národná knižnica 
954 |a odborná, vedecká literatúra pôvodná (slovenská)  |2 lita 
958 |a article9 
958 |a OND 
958 |a EUIPO 
999 |c 2981721  |d 2983651